Statistiques concernant Liste des pays par point culminant

Cliquez ici pour prendre le quiz!

Statistiques générales

  • Ce quiz a été pris 60 fois
  • Le résultat moyen est 37 sur 194

Statistiques - réponses

ContinentRéponse% Correct
1AsieChine
100%
1AsieNépal
98%
4AsieInde
90%
3AsiePakistan
85%
10AmériqueArgentine
80%
11AmériqueChili
80%
12AmériquePérou
80%
5AsieBhoutan
78%
13AmériqueBolivie
78%
16AmériqueCanada
78%
15AmériqueEtats-Unis
78%
14AmériqueEquateur
76%
21Europe/AsieRussie
76%
17AfriqueTanzanie
76%
8AsieKirghizistan
68%
7AsieAfghanistan
66%
30EuropeFrance
66%
30EuropeItalie
66%
6AsieTadjikistan
66%
20AmériqueMexique
63%
33EuropeSuisse
61%
19AmériqueColombie
59%
9AsieKazakhstan
59%
24AfriqueKenya
56%
45EuropeAutriche
44%
36OcéaniePapouasie Nouvelle Guinée
44%
28AmériqueVenezuela
44%
26AfriqueRépublique Démocratique Congo
41%
22AsieIran
39%
48EuropeEspagne
34%
47OcéanieNouvelle-Zélande
34%
26AfriqueOuganda
34%
34AfriqueEthiopie
32%
23AsieGéorgie
32%
29AsieIndonésie
29%
194AsieMaldives
29%
35AfriqueRwanda
27%
25AsieTurquie
27%
69EuropeAllemagne
24%
192OcéanieMarshall
24%
18AsieMyanmar
24%
32AsieOuzbekistan
24%
193OcéanieTuvalu
24%
71EuropeAndorre
22%
46AsieJapon
22%
41AsieMalaisie
22%
189OcéanieNauru
22%
66AmériqueBrésil
20%
44AmériqueCosta Rica
20%
39AmériqueGuatemala
20%
40AfriqueMaroc
20%
38AsieMongolie
20%
52AmériquePanama
20%
43AsieArménie
17%
83OcéanieAustralie
17%
37AsieAzerbaidjan
17%
190AmériqueBahamas
17%
42AfriqueCameroun
17%
50AsieIrak
17%
187OcéanieKiribati
17%
180EuropeMalte
17%
163OcéanieMicronésie
17%
184EuropeMonaco
17%
181OcéaniePalaos
17%
188EuropeVatican
17%
54AfriqueAfrique du Sud
15%
141OcéanieFidji
15%
191AfriqueGambie
15%
150OcéanieTonga
15%
57AsieTurkménistan
15%
124OcéanieVanuatu
15%
63AfriqueAlgérie
12%
65AsieArabie Saoudite
12%
185AsieBahrein
12%
61AfriqueErythrée
12%
62AfriqueGuinée Equatoriale
12%
59AsieLiban
12%
64AfriqueMalawi
12%
67AsieOman
12%
186AsieQatar
12%
58AmériqueRépublique Dominicaine
12%
106OcéanieSalomon
12%
126OcéanieSamoa
12%
183AsieSingapour
12%
49AsieYemen
12%
166EuropeBelgique
10%
72EuropeBulgarie
10%
175EuropeEstonie
10%
73EuropeGrèce
10%
51AfriqueLesotho
10%
176EuropeLettonie
10%
92EuropeLiechtenstein
10%
179EuropeLituanie
10%
159EuropePays Bas
10%
76EuropeSlovénie
10%
60AfriqueSoudan
10%
55AfriqueSoudan du Sud
10%
53AfriqueTchad
10%
68AsieTimor Oriental
10%
56AsieVietnam
10%
82EuropeAlbanie
7%
148AsieBangladesh
7%
174AmériqueBarbade
7%
146AmériqueBelize
7%
173EuropeBiélorussie
7%
104AfriqueComores
7%
131AfriqueCote d'Ivoire
7%
129EuropeCroatie
7%
182EuropeDanemark
7%
136AmériqueDominique
7%
123AsieEmirats Arabes Unis
7%
147AfriqueGabon
7%
132AfriqueGuinée
7%
178AfriqueGuinée Bissau
7%
75AmériqueHonduras
7%
169EuropeLuxembourg
7%
81EuropeMacédoine
7%
74AfriqueMadagascar
7%
162AfriqueMaurice
7%
171EuropeMoldavie
7%
70AsiePhilippines
7%
144AmériqueSaint Christophe et Niévès
7%
164EuropeSaint Marin
7%
157AfriqueSeychelles
7%
100AfriqueSomalie
7%
170AmériqueUruguay
7%
90AfriqueAngola
5%
172AmériqueAntigua et Barbuda
5%
103EuropeBosnie-Herzegovine
5%
135AfriqueBotswana
5%
128AsieBrunei
5%
86AfriqueBurundi
5%
130AsieCambodge
5%
77AfriqueCap Vert
5%
138AfriqueCentrafrique
5%
120AsieChypre
5%
84AsieCorée Du Nord
5%
121AsieCorée du Sud
5%
119AmériqueCuba
5%
116AfriqueDjibouti
5%
89AfriqueEgypte
5%
125AfriqueEswatini
5%
161AmériqueGrenade
5%
87AmériqueHaiti
5%
113EuropeIslande
5%
109AmériqueJamaïque
5%
127AsieJordanie
5%
177AsieKoweït
5%
78AsieLaos
5%
137AfriqueLibéria
5%
108AfriqueLibye
5%
145AfriqueMali
5%
96EuropeMonténégro
5%
101AfriqueMozambique
5%
91AfriqueNamibie
5%
114AmériqueNicaragua
5%
118AfriqueNiger
5%
102AfriqueNigéria
5%
99EuropeNorvège
5%
98EuropePologne
5%
105EuropePortugal
5%
133EuropeRépublique Tchèque
5%
95EuropeRoumanie
5%
139EuropeRoyaume uni
5%
154AmériqueSainte Lucie
5%
142AmériqueSaint Vincent et les Grenadines
5%
85AmériqueSalvador
5%
117AfriqueSao Tomé et Principe
5%
111EuropeSerbie
5%
122AfriqueSierra Leone
5%
88EuropeSlovaquie
5%
94AsieSri Lanka
5%
112EuropeSuède
5%
143AmériqueSuriname
5%
79AsieSyrie
5%
94AsieThaïlande
5%
134AfriqueTunisie
5%
115EuropeUkraine
5%
107AfriqueZambie
5%
93AfriqueZimbabwe
5%
167AfriqueBénin
2%
165AfriqueBurkina Faso
2%
151AfriqueCongo
2%
140EuropeFinlande
2%
158AfriqueGhana
2%
80AmériqueGuyana
2%
152EuropeHongrie
2%
149EuropeIrlande
2%
110AsieIsraël
2%
156AfriqueMauritanie
2%
160AmériqueParaguay
2%
168AfriqueSénégal
2%
155AmériqueTrinité et Tobago
2%
153OcéanieTogo
0%

Distribution des résultats

Percentile par nombre de réponses

% des personnes avec chaque résultat

Votre développement - résultats

Vous n’avez pas pris ce quiz